Especialidades de la Guardia Civil - Estadísticas

Estadísticas generales
  • Esta prueba ha sido intentada 19 veces
  • La puntuación promedio es 6 de 16
Estadísticas de respuestas
Respuesta % Correcto
Tráfico
87%
Seguridad Ciudadana
60%
Seprona
60%
UEI
60%
GAR
47%
Tedax
40%
UCO
40%
Caballería
33%
Policia Judicial
33%
Servicio Aereo
33%
GEAS
27%
Montaña
27%
Fiscal y Fronteras
20%
Información
20%
Servicio Marítimo
20%
Intervención de Armas
7%
No se encontraron pruebas coincidentes
Distribución de puntuación
Porcentaje de gente con cada puntuación
Porcentaje por número respondido
Historial de tus puntuaciones
No has intentado esta prueba.